000 00799cam a2200265 a 4500
001 1030364
003 OSt
005 20230620081056.0
008 891205s1988 nyu bdf 001 0 eng
010 _a 88208985
020 _a0312000472
040 _aDLC
_cDLC
_dDLC
_dOCoLC
_dDLC
082 0 0 _a320
_bPAX
100 1 _aPaxton, John.
245 1 4 _aThe Statesman's year-book 1987-88
_cedited by John Paxton.
260 _aNew York :
_bSt. Martin's Press,
_c1986
300 _axi, 356 p. ;
_c21 cm.
504 _aIncludes bibliographies and index.
630 0 0 _aStatesman's year-book.
650 0 _aWorld history
_xDictionaries.
650 0 _aWorld history
_xHandbooks, manuals, etc.
740 0 _aHistorical companion.
906 _a7
_bcbc
_corignew
_d3
_encip
_f19
_gy-gencatlg
942 _2ddc
_cBK
999 _c1445
_d1445